Sports Quiz

Random Sports or Football Quiz

Can you name the Football League XIs: TV Tallinn TVMK Quiz Stats

 Plays Quiz not verified by Sporcle

Challenge
Share
Tweet
Embed
Score 0/132 Timer 15:00
0 Plays Today
Year Player % Correct
2006Tarmo Neemelo
100%
2005Ingemar Teever
100%
2005Tarmo Neemelo
100%
2004Ingemar Teever
100%
2004Tarmo Neemelo
100%
2003Ingemar Teever
100%
2002Ingemar Teever
100%
2008Vitali Teleš
75%
2008Andrei Borissov
75%
2008Sergei Terehhov
75%
2008Vladislav Gussev
75%
2007Vitali Teleš
75%
2007Andrei Borissov
75%
2007Sergei Terehhov
75%
2007Oliver Konsa
75%
2006Vitali Teleš
75%
2006Andrei Borissov
75%
2006Vladislav Gussev
75%
2005Vitali Teleš
75%
2005Andrei Borissov
75%
2005Maksim Smirnov
75%
2004Vitali Teleš
75%
2004Andrei Borissov
75%
2004Deniss Malov
75%
2004Liivo Leetma
75%
2004Maksim Smirnov
75%
2003Sergei Ussoltsev
75%
2003Andrei Borissov
75%
2003Deniss Malov
75%
2003Liivo Leetma
75%
2003Maksim Smirnov
75%
2002Sergei Ussoltsev
75%
2002Andrei Borissov
75%
2002Liivo Leetma
75%
2002Maksim Smirnov
75%
2001Sergei Ussoltsev
75%
2001Deniss Malov
75%
2001Liivo Leetma
75%
2000Ain Tammus
75%
1999Deniss Malov
75%
1997/98Maksim Smirnov
75%
2008Markus Jürgenson
50%
2007Sergei Zenjov
50%
2005Maksim Kisseljov
50%
Year Player % Correct
2005Egidijus Juška
50%
2005Dmitri Skiperski
50%
2004Maksim Kisseljov
50%
2004Egidijus Juška
50%
2003Dmitri Skiperski
50%
2003Andrei Krõlov
50%
2002Dmitri Skiperski
50%
2002Andrei Krõlov
50%
2001Dmitri Skiperski
50%
2001Andrei Krõlov
50%
2000Maksim Kisseljov
50%
2000Egidijus Juška
50%
2000Dmitri Skiperski
50%
1999Maksim Kisseljov
50%
1999Dmitri Skiperski
50%
1998Maksim Kisseljov
50%
1998Dmitri Skiperski
50%
1997/98Maksim Kisseljov
50%
2008Aivar Anniste
25%
2008Artjom Dmitrijev
25%
2008Eduard Ratnikov
25%
2007Tomas Rimas
25%
2006Tomas Rimas
25%
2006Kert Haavistu
25%
2005Tomas Rimas
25%
2004Toomas Kallaste
25%
2003Jevgeni Kurjanov
25%
2003Toomas Kallaste
25%
2002Jevgeni Kurjanov
25%
2002Aleksei Kapustin
25%
2001Jevgeni Kurjanov
25%
2001Aleksei Kapustin
25%
2001Anton Mõkolenko
25%
2001Andrei Tjunin
25%
2000Jevgeni Kurjanov
25%
2000Aleksei Kapustin
25%
2000Anton Mõkolenko
25%
1999Jevgeni Kurjanov
25%
1999Vladimir Urjupin
25%
1999Aleksei Kapustin
25%
1999Anton Mõkolenko
25%
1999Aleksandr Embrich
25%
1999Andrei Kostin
25%
1998Jevgeni Kurjanov
25%
Year Player % Correct
1998Aleksei Kapustin
25%
1998Anton Mõkolenko
25%
1998Andrei Kostin
25%
1998Anatoli Novožilov
25%
1997/98Jevgeni Kurjanov
25%
1997/98Vladimir Urjupin
25%
1997/98Aleksei Kapustin
25%
1997/98Andrei Kostin
25%
1997/98Anatoli Novožilov
25%
2008Eduard Sarajev
0%
2008Aleksandr Volodin
0%
2008Nikolai Mašitšev
0%
2007Aleksandr Volodin
0%
2007Jevgenijs Kacanovs
0%
2007Artur Ossipov
0%
2007Erko Saviauk
0%
2007Aleksandr Kulatšenko
0%
2006Eduard Sarajev
0%
2006Jevgenijs Kacanovs
0%
2006Gintas Sirmelis
0%
2006Viktor Dobrecovs
0%
2006Nikolai Mašitšev
0%
2005Eduard Sarajev
0%
2005Gintas Sirmelis
0%
2004Eduard Sarajev
0%
2003Eduard Sarajev
0%
2002Eduard Sarajev
0%
2002Anton Paitsev
0%
2001Vaagn Arutjunjan
0%
2001Anton Paitsev
0%
2000Romas Steckis
0%
2000Vitalijs Teplovs
0%
2000Oleg Gorjatšov
0%
2000Anton Paitsev
0%
1999Oleg Andrejev
0%
1999Anton Paitsev
0%
1998Oleg Andrejev
0%
1998Semjon Trojanov
0%
1998Jüri Lebret
0%
1998Anton Paitsev
0%
1997/98Oleg Andrejev
0%
1997/98Viktor Passikuta
0%
1997/98Jüri Lebret
0%
1997/98Andrei Šapovalov
0%

You're not logged in!

Compare scores with friends on all Sporcle quizzes.
Join for Free
OR
Log In

You Might Also Like...

Show Comments

Extras

Top Quizzes Today


Score Distribution

Your Account Isn't Verified!

In order to create a playlist on Sporcle, you need to verify the email address you used during registration. Go to your Sporcle Settings to finish the process.

Report this User

Report this user for behavior that violates our Community Guidelines.

Details: